000 00409nam a22001697a 4500
003 LK-CoDNM
005 20250402110557.0
008 250402b |||||||| |||| 00| 0 eng d
040 _aLK-CoDNM
_dLK-CoDNM
_eLK-CoDNM
041 _aeng
080 _a3
_bI3
100 _aMoore,F
245 _aThe Lepidoptera of Ceylon Volume III
300 _axv,578p. : ill ; 27 cm
650 _aButterfly
942 _cBK
999 _c239635
_d239635